MDQL
is popping MORE tags! Check the
thread
!
Quizzes
Events
Quiz Creation
Community
Videos
Private Events
Remove Ads
Sign In
Join for FREE
Feedback
Dark Mode
Quiz Categories
Sports
Geography
Music
Movies
Television
Just For Fun
Miscellaneous
History
Literature
Language
Science
Gaming
Entertainment
Religion
Holiday
For Kids
Quiz Lab
Recent
Popular Today
Quiz Kudos Today
Editor Picks
Curator Picks
Quizzes by...
Day
Popularity
Type
Ratings
Length
Year
Community
Subscriptions
Recent Discussions
Orange Saloon
Badges
Playlists
Quests
Create
Leaderboards
Showdown
Live 5
Trivia Bingo
Activity
Puzzle Library
Sporcle Events
Private Events
Virtual Trivia
Globe League
Become a Host
Pub Owners
SporcleCon
Opinionation
Our Games
Videos
Blog
Mobile Apps
Partnerships
Remove Ads and Go Orange
Feedback
Gaming
Video Games
Board Games
Card Games
Pokémon
Mario
Nintendo
Minecraft
Console
Toys
Legend of Zelda
Gaming
Video Games
Board Games
Card Games
Pokémon
Mario
Nintendo
Minecraft
Console
Toys
Legend of Zelda
Random Quiz
Search Sporcle
×
Quiz Lab
Quiz Lab
Gaming
Edition
Type in answers that appear in a list
Type in answers that appear in a list
Classic
Best Score? Go Orange.
Dragon Nest Skills (Level 93 Edition) Stats
Can you name the Dragon Nest Skills (Level 93 Edition)?
By
wolfnmil
10m
50 Questions
13 Plays
13 Plays
13 Plays
Comments
Comments
Give Quiz Kudos
Give Quiz Kudos
-
- Ratings
hide this ad
More Info
Forced Order
Answers have to be entered in order
Answers have to be entered in order
Random Order
Randomize order of answers
Randomize order of answers
Replay
Link that replays current quiz
Next Quiz
Link to next quiz in quiz playlist
You Got
0%
They Got
Avg Score
68%
Avg Friend Score
Upgrade to see
Score Distribution
Jump to the score distribution portion of the page
Score
0/50
Timer
10:00
0
Plays Today
Hint
Answer
% Correct
Moon Blade Dance
Moonlord
92.3%
Rake EX
Raven
92.3%
Spirit of Genie
Kali
92.3%
Great Heal
Saint
84.6%
Shock of Relic
Saint
84.6%
Chakra Heal
Bringer
84.6%
Healing Relic EX
Saint
84.6%
Dash
Warrior
84.6%
Artful Chaser
Ripper
84.6%
Lightning Storm
Inquisitor
76.9%
Gravity Ball EX
Majesty
76.9%
Gravity Rush
Majesty
76.9%
Chakra Miracle
Light Fury
76.9%
Alfredo Drill
Shooting Star
76.9%
Magma Punch
Alchemist
76.9%
Circle Swing EX
Barbarian
76.9%
Guardian Force
Guardian
76.9%
Justice Crash
Guardian
76.9%
Line Drive
Sword Master
69.2%
Triple Slash
Sword Master
69.2%
Evasion Slash
Gladiator
69.2%
Consecration EX
Inquisitor
69.2%
Lightning Bolt EX
Inquisitor
69.2%
Line of Darkness
Bringer
69.2%
Hyper Drive
Gladiator
69.2%
Hint
Answer
% Correct
Whirlwind
Mercenary
69.2%
Splash
Shooting Star
69.2%
Magma Jump
Adept
69.2%
Detonate EX
Inquisitor
69.2%
Lightning Strike
Cleric
69.2%
Eclipse
Sword Master
69.2%
Deep Straight
Sword Master
69.2%
Praetor
Spirit Dancer
69.2%
Mind Breaker
Priest
61.5%
Tip Tops
Acrobat
61.5%
Big Mecha Bomb
Gear Master
61.5%
Flash Stance
Moonlord
61.5%
Crescent Cleave
Sword Master
61.5%
Miracle Relic
Priest
61.5%
Rake
Chaser
61.5%
Smash X
Moonlord
53.8%
Beat Down EX
Defensio
53.8%
Judgement Hammer
Crusader
53.8%
Time Stop
Force User
46.2%
Gigantic Bomb
Mercenary
46.2%
Elemental Flare
Adept
46.2%
Beat Down
Patrona
38.5%
Spinning Cut EX
Flurry
38.5%
Resent Area
Screamer
38.5%
Dragon's Soul
Screamer
38.5%
Quiz Playlist
Details
Report
Send in Message
Add To Playlist
More Info:
How many of these skills from all classes of Dragon Nest can you remember? Level 93 Awakening Edition! (Up to Assassin)
Classic:
Type in answers that appear in a list
Forced Order:
Answers have to be entered in order
Random Order:
Randomize order of answers
Last Updated: Jul 20, 2017
Quiz Scoreboard
CHALLENGE
Sign Up to Join the Scoreboard
Show All
Scores
Hide
Comments
May contain spoilers
Recently Published
Two Season TV Shows II
by 123Four
Television
10m
Image Sorting: Flags VI
by Barbecue
Geography
2m
Find the 'City' Movie
by crazypaving
Movies
60s
More to Explore
Quiz From the Vault
Featured Blog Post
14 Easter Pick-up Lines to Find Eggs With
hide this ad
You Might Also Like...
Tags
Dragon
Edition
Level
nest
skill
Today's Top Quizzes in Gaming
Browse Gaming
hide this ad
Today's Top Quizzes in Edition
Browse Edition
Top Contributed Quizzes in Gaming
1
League of Legends Pro Players by Career/Team History
2
Destiny 2 exotic weapons by perk icons
3
Genshin Impact Logic Puzzle
4
Genshin murder mystery
5
Dead By Daylight Logic Puzzle
6
4x4 Decades: Video Games
7
Ultimate Genshin Impact Logic Puzzle (up to 4.3)
8
Genshin Impact Logic Puzzle Quiz
9
Overwatch Logic Puzzle
10
Who's on the WWE 2K24 Cover?
Explore More
Trending Topics
NBA
Anime
Disney
Crossword
Marvel
Kpop
Harry Potter
Soccer
Puzzle
Pokémon
The Office
NFL
Country
WWE
Song
hide this ad
More By:
wolfnmil
Quiz
Plays
Rating
Category
Featured
Created
Dragon Nest Skills (Level 93 Edition)
13
Gaming
Jul 20, 2017
Go to Creator's Profile
Score Distribution
Quiz Creator Spotlight
wolfnmil
Follow
Send a Message
Quizzes Created
-
Created Quiz Play Count
-
More By This Creator
Popular Quizzes Today
1
Find the US States - No Outlines Minefield
2
Colored Red Africa Blitz
3
Find the 'City' Movie
4
5x2 Blitz: Bands
5
The Countries of the World
6
Find the Countries of Europe - No Outlines Minefield
7
Find the US States
8
US States
More Gaming Quizzes
10 to 1 - Video Game Character Species
Quiz Lab
Trending Quizzes
Colored Red Europe Blitz I
Colored Red Africa Blitz II
Colored Red Europe Blitz II
Colored Red Africa Blitz III
Colored Red Europe Blitz III
Recently Updated
How Do You Spell That?
pecheneg
Godzilla Movies
pecheneg
Grab Bag: 4-10 Letters
pecheneg
2024 March Madness Bracket
pecheneg
Famous TV Couples
Peacemaker
Champions League XIs: Real Madrid
pecheneg
Largest US Cities 1790-2010
pecheneg
Rides in Walt Disney World
pecheneg
Most Oscar Losses (Acting)
pecheneg
Beyoncé Albums
pecheneg
Trending Topics
Disney
Marvel
Kpop
Crossword
Harry Potter
NBA
Anime
The Office
WWE
Puzzle
Soccer
Song
NFL
Pokémon
Country
Your Account Isn't Verified!
In order to create a playlist on Sporcle, you need to verify the email address you used during registration. Go to your
Sporcle Settings
to finish the process.
Report this User
Report this user for behavior that violates our
Community Guidelines
.
Details:
Send Report
Go to the Sporcle.com Mobile Site →
Comments